Tierras de todas las estaciones : El drama templado.
Guardado en:
| Formato: | |
|---|---|
| Materias: | |
| Etiquetas: |
Agregar Etiqueta
Sin Etiquetas, Sea el primero en etiquetar este registro!
|
| LEADER | 01000ngm a22002655g 4500 | ||
|---|---|---|---|
| 001 | CEM.cems021393 | ||
| 008 | 130507b1992##################0###0#####d | ||
| 005 | 20240822151633.0 | ||
| 245 | 0 | 0 | |a Tierras de todas las estaciones : |b El drama templado. |
| 300 | |a 56 | ||
| 500 | |a En soporte VHS, consultar en ventanilla. | ||
| 538 | |a Soporte: VHS - Norma: Pal N - Color - Grabación Drd 1992 - Hitachi=0000. | ||
| 505 | 0 | |a Zonas templadas y tipos de aves. Primavera: faisanes, pingüinos, etc. Verano: lechuzas, cuervos, etc. Otoño: chorlitos, petrel, gaviotas, golondrinas. Hábitos migratorios, apareo. Invierno: mirlos, grullas. | |
| 082 | 5 | 9 | |. 5/BBC |
| 653 | |a NIVEL PRIMARIO | ||
| 653 | |a NIVEL SECUNDARIO | ||
| 653 | |a ZOOLOGIA | ||
| 653 | |a ECOLOGIA | ||
| 653 | |a COMPORTAMIENTO ANIMAL | ||
| 653 | |a AVES | ||
| 653 | |a ESTACIONES | ||
| 653 | |a ANIMALES | ||
| 653 | |a TIERRAS TEMPLADAS | ||
| 653 | |a CLIMA TEMPLADO | ||
| 859 | |a CEMS |b BIB. CEMS - Depto. Recursos Didacticos |h 591.5 |i BBC |k DRD |p 36.12 |t Ej.1 | ||
